|
|
|
|
| LEADER |
00000ny a22000003n 4500 |
| 005 |
20110621122135.0 |
| 008 |
091214s2007 po 000 0 por d |
| 035 |
|
|
|a 1867
|
| 040 |
|
|
|a BUS
|d vLex
|
| 090 |
|
|
|c 935
|d 935
|
| 100 |
1 |
|
|a Madeira, Bernardo Sabugosa Portal
|
| 245 |
1 |
2 |
|a A indemnizaȯ́ nas expropriaė̥s por utilidade pb︢lica
|h [Recurso electrn̤ico]
|c Bernardo Sabugosa Portal Madeira
|
| 256 |
|
|
|a Servicio en ln̕ea
|
| 260 |
|
|
|a Portugal :
|b Almeida & Leitó,
|c 2007
|
| 300 |
|
|
|a p. ;
|c cm
|
| 506 |
1 |
|
|a Contenido solo disponible en los productos indicados
|d vLex Global
|d vLex Global (Academic Edition, excluding Law Schools)
|d vLex Global (U.S. Academic Edition, Law Schools)
|d vLex Global (U.S. Academic Edition, excluding Law Schools)
|d vLex Global (Academic Edition, Law Schools)
|
| 650 |
0 |
4 |
|a Derecho pb︢lico
|
| 650 |
0 |
4 |
|a Expropiacin̤
|x Derecho
|
| 740 |
0 |
|
|a vLex Libros (Servicios en ln̕ea)
|
| 856 |
4 |
0 |
|z Acceso restringido
|u http://vlex.com/source/1867
|
| 942 |
|
|
|c BOOK
|